Cluster Analysis in Neuropsychological Research : Recent Applications /

Bibliographic Details
Other Authors: Allen, Daniel N. (Editor), Goldstein, Gerald, 1931-2017 (Editor)
Format: Book
Language:English
Published: New York : Springer, [2013]
Subjects:

MARC

Tag First Indicator Second Indicator Subfields
LEADER 00000cam a2200000Ki 4500
001 in00003455513
005 20200418063451.0
008 131003t20132013nyu 001 0 eng d
020 |a 9781461467434 
020 |a 1461467438 
020 |z 9781461467441 (electronic bk.) 
020 |z 1461467446 (electronic bk.) 
035 |a (OCoLC)ocn859351167 
040 |a IAC  |e rda  |c IAC  |d YDX  |d OHX  |d TEU  |d UtOrBLW 
049 |a TXAM 
050 4 |a QP360  |b .C587 2013 
082 0 |a 616.800727 
245 0 0 |a Cluster Analysis in Neuropsychological Research :  |b Recent Applications /  |c Daniel N. Allen, Gerald Goldstein, editors. 
264 1 |a New York :  |b Springer,  |c [2013] 
264 4 |c ©2013 
300 |a 136 pages :  |b illustrations ;  |c 25 cm. 
336 |a text  |b txt  |2 rdacontent 
337 |a unmediated  |b n  |2 rdamedia 
338 |a volume  |b nc  |2 rdacarrier 
504 |a Includes bibliographical references and index. 
505 0 0 |t Introduction /  |r Daniel N. Allen --  |t Statistical and Methodological Considerations When Using Cluster Analysis in Neuropsychological Research --  |t Application of Cluster Analysis to Investigate Neuropsychological Heterogeneity in Psychiatric and Neurological Patients /  |r Gerald Goldstein --  |t Identifying Neurodevelopmental Stages of Memory from Childhood Through Adolescence with Cluster Analysis /  |r Nicholas S. Thaler --  |t Classification of Traumatic Brain Injury Severity: A Neuropsychological Approach /  |r Daniel N. Allen --  |t Concluding Remarks /  |r Gerald Goldstein. 
650 0 |a Neuropsychology  |x Research  |x Statistical methods. 
650 0 |a Cluster analysis. 
700 1 |a Allen, Daniel N.,  |e editor. 
700 1 |a Goldstein, Gerald,  |d 1931-2017  |e editor. 
945 |a PromptCat  |b 767553 
946 |a stk 
947 |a A14840693167 
948 |a cataloged  |b h  |c 2014/6/11  |d c  |e dmitchel  |f 12:12:12 pm 
994 |a 92  |b TXA 
999 |a MARS 
999 f f |s 319a04b0-e379-3fbf-89c3-7c46f50a3d83  |i d509d874-2a32-31f9-bf26-d65b4e9e678e  |t 0 
952 f f |p normal  |a Texas A&M University  |b College Station  |c Sterling C. Evans Library  |d Evans: Library Stacks  |t 0  |e QP360 .C587 2013  |h Library of Congress classification  |i unmediated -- volume  |m A14840693167 
998 f f |a QP360 .C587 2013  |t 0  |l Evans: Library Stacks